Prénoms garçons 2019 - Statistiques

Statistiques générales
  • Ce quiz a été pris 248 fois
    137 depuis la dernière actualisation
  • Le résultat moyen est 42 sur 100
Statistiques - réponses
Hint Première lettre Prénoms % Correct
1 G Gabriel
88%
8 L Léo
87%
3 L Louis
86%
5 J Jules
81%
6 L Lucas
77%
13 P Paul
74%
20 T Théo
72%
18 M Mathis
71%
2 R Raphaël
71%
12 N Nathan
70%
55 N Noa
68%
19 H Hugo
67%
16 A Arthur
65%
58 A Alexandre
63%
69 T Thomas
63%
74 M Maxime
62%
14 T Tom
61%
30 M Mathéo
60%
9 E Ethan
59%
47 A Antoine
58%
7 M Maël
58%
17 N Noah
57%
21 N Noé
57%
27 E Enzo
56%
25 G Gabin
56%
75 J Jean
55%
33 V Valentin
55%
10 L Liam
54%
40 L Léon
53%
28 M Martin
53%
51 B Baptiste
52%
57 E Elio
52%
4 A Adam
49%
38 S Simon
48%
85 M Mohamed
47%
49 S Samuel
47%
31 V Victor
47%
32 A Axel
46%
61 C Charles
45%
48 M Mattéo
45%
15 N Nolan
45%
87 Y Yanis
45%
63 K Kylian
44%
36 R Robin
44%
26 T Timéo
44%
29 C Clément
43%
35 E Eliott
43%
37 G Gaspard
43%
72 B Benjamin
42%
43 E Evan
42%
86 W William
42%
39 M Maxence
41%
83 R Rayan
41%
11 S Sacha
41%
50 N Nino
40%
42 M Malo
39%
79 A Augustin
37%
78 O Oscar
37%
71 M Matéo
35%
54 M Mathys
35%
44 M Milo
35%
22 T Tiago
35%
89 D David
34%
24 E Eden
34%
23 A Aaron
33%
62 L Lyam
33%
77 N Naël
33%
52 L Léandre
32%
45 M Marius
32%
60 N Noam
31%
80 C Camille
30%
68 E Esteban
30%
73 T Timothée
30%
41 I Isaac
27%
56 M Milan
26%
59 S Soan
26%
91 A Auguste
25%
46 L Lenny
25%
84 A Antonin
24%
53 M Marceau
24%
70 B Basile
23%
88 R Rafaël
23%
66 J Joseph
22%
97 O Owen
22%
93 P Pablo
22%
67 A Ayden
21%
96 L Lorenzo
21%
64 D Diego
20%
34 C Côme
19%
94 I Ismaël
19%
95 L Logan
19%
92 S Sohan
18%
76 E Erwan
17%
81 K Kaïs
16%
90 L Livio
16%
82 I Ilyan
14%
65 A Amir
13%
99 N Noham
13%
100 T Thiago
12%
98 L Leny
11%
Aucun quiz correspondant
Distribution des résultats
% des personnes avec chaque résultat
Percentile par nombre de réponses
Votre historique - résultats
Vous n’avez pas pris ce quiz depuis la dernière actualisation